Library Logo

আন্তজার্তিক অর্থনৈতিক সম্পর্কের রাজনীতি / (Record no. 100407)

000 -LEADER
fixed length control field 00736nam a22001817a 4500
003 - CONTROL NUMBER IDENTIFIER
control field BD-DhUL
005 - DATE AND TIME OF LATEST TRANSACTION
control field 20160822142415.0
008 - FIXED-LENGTH DATA ELEMENTS--GENERAL INFORMATION
fixed length control field 160822s1981 bg ||||| |||| 00| 0 ben
040 ## - CATALOGING SOURCE
Original cataloging agency BD-DhUL
Transcribing agency BD-DhUL
082 ## - DEWEY DECIMAL CLASSIFICATION NUMBER
Classification number 327
Item number SPP
100 1# - MAIN ENTRY--PERSONAL NAME
Personal name স্পেরো, জোয়াম এডলম্যান
245 ## - TITLE STATEMENT
Title আন্তজার্তিক অর্থনৈতিক সম্পর্কের রাজনীতি /
Statement of responsibility, etc. জোয়াম এডলম্যান স্পেরো
260 ## - PUBLICATION, DISTRIBUTION, ETC. (IMPRINT)
Place of publication, distribution, etc. ঢাকা :
Name of publisher, distributor, etc. খোশরোজ কিতাব মহল,
Date of publication, distribution, etc. ১৯৮১.
300 ## - PHYSICAL DESCRIPTION
Extent ৫২৩ পৃ.;
Dimensions ২১ সেমি.
650 #0 - SUBJECT ADDED ENTRY--TOPICAL TERM
Topical term or geographic name as entry element Politics
650 #0 - SUBJECT ADDED ENTRY--TOPICAL TERM
Topical term or geographic name as entry element রাজনীতি
942 ## - ADDED ENTRY ELEMENTS (KOHA)
Source of classification or shelving scheme
Koha item type Books
Holdings
Price effective from Date last seen Permanent Location Not for loan Date acquired Source of classification or shelving scheme Koha item type Lost status Withdrawn status Copy number Source of acquisition Collection code Damaged status Shelving location Barcode Current Location Full call number
2016-08-222016-08-22Dhaka University Library 2016-08-22 Books  6PurchasedNon Fiction General Stacks A272884Dhaka University Library327 SPP
2016-08-222016-08-22Dhaka University Library 2016-08-22 Books  2PurchasedNon Fiction General Stacks A272880Dhaka University Library327 SPP
2016-08-222016-08-22Dhaka University Library 2016-08-22 Books  12PurchasedNon Fiction General Stacks 307635Dhaka University Library327 SPP
2016-09-272016-09-27Dhaka University Library 2002-12-21 Books  15PurchasedNon Fiction General Stacks400382Dhaka University Library327 SPP
Last Updated on September 15, 2019
© Dhaka University Library. All Rights Reserved|Staff Login